|
|
|
|
| LEADER |
01208nam a22002657a 4500 |
| 001 |
36185 |
| 003 |
BD-DhAAL |
| 005 |
20211130153939.0 |
| 008 |
191103t2001 ii a|||| b||| 00| 0 eng d |
| 999 |
|
|
|c 41719
|d 41719
|
| 040 |
|
|
|a BD-DhAAL
|
| 082 |
|
|
|a 372.210954
|2 23
|
| 245 |
|
|
|a Scaling heights :
|b a strategy for the improvement of quality in early childhood education ;
|p report of the workshop August 23-25, 2001 /
|c Compiled by J. Jayanthi Rani Christiana ; M.S. Swaminathan Research Foundation.
|
| 260 |
|
|
|a Chennai :
|b MSSRF,
|c 2001
|
| 300 |
|
|
|a 82 pages :
|b illustrations ;
|c 25 cm
|
| 526 |
|
|
|a BIED
|
| 541 |
|
|
|a Complimentary copy from BIED
|e 36185
|
| 650 |
|
|
|a Early childhood education
|z India.
|9 36690
|
| 650 |
|
|
|a Education, Preschool
|z India.
|9 36691
|
| 650 |
|
|
|a Early childhood education.
|9 36692
|
| 700 |
|
|
|a Christiana, J. Jayanthi Rani
|9 36693
|
| 710 |
|
|
|a M.S. Swaminathan Research Foundation
|9 36694
|
| 852 |
|
|
|a Ayesha Abed Library
|c BIED Collection
|
| 942 |
|
|
|2 ddc
|c BK
|
| 952 |
|
|
|0 0
|1 0
|2 ddc
|4 0
|6 372_210954000000000_SCA
|7 0
|9 66985
|a BRACUL
|b BRACUL
|c GEN
|d 2019-11-03
|e Complimentary copy from BIED
|l 0
|o 372.210954 SCA
|p 3010036185
|r 2019-11-03
|t 1
|w 2019-11-03
|y BK
|x Transferred from BIED to General Stacks
|